01882nam a22003735a 45000010009000000050017000090080041000260200015000670200018000820400038001000820020001382450115001582500031002732600046003043000040003505000024003905000027004145040041004415200279004825410062007616500027008236500028008506500035008786510010009136530047009237000037009707000040010077000035010479420012010829990017010949520129011119520137012409520131013771234550420170115134410.0010313t2007 gw a frb 001 0 eng d a3131443715 a9783131443717 aEG-ScBUEbengcEG-ScBUEdEG-ScBUE04a611.31bORA22200aOral development and histology /c[editor], James K. Avery, Pauline F. Steele ; associate editor, Nancy Avery. a3rd ed., International ed. aStuttgart ;aNew York :bThieme,cc.2002. aix, 435 p. :bill. (col.) ;c28 cm. aIndex : p. 427-435. aGlossary : p. 410-426. aIncludes bibliographical references. aThis is a student-oriented textbook with side-by-side text and illustrations that provide easy correlation of visual and written information. It features over 800 atlas-style illustrations, including diagrams and light and electron micrographs and a glossary of terminology. aDonation from Al-Dar Al-Arabia lil-Nashr wa-al-Tawzīʻ. 0aMouthxAnatomy.2BUEsh 0aTeeth xAnatomy.2BUEsh 0930165aMouthxHistology2BUEsh 2BUEsh bDDentcJanuary2013cMarch2016cJanuary20171 aAvery, James K.,eeditor.9321151 aSteele, Pauline F.,eeditor.9321161 aAvery, Nancy.,eeditor.932117 2ddccDN c17167d17139 00102ddc40708Al-Dar AlAaMAINbMAINc1STd2013-01-29eDonationh02516l0o611.31 ORAp000027929r2025-07-15 00:00:00yBB 00102ddc40708Al-Dar AlAaMAINbMAINc1STd2016-03-09eDonationl1m8o611.31 ORAp000031886r2025-07-15 00:00:00s2016-09-26yBB 00102ddc40708Al-Dar AlAaMAINbMAINc1STd2017-01-15eDonationh0000485l0o611.31 ORAp000040961r2025-07-15 00:00:00yBB